000 00385nam a2200145 a 4500
020 _a2717809198 :
040 _cDLC
082 0 0 _a320 UNE 1985 A011 Or.
245 0 2 _aL'Etat au pluriel :
_bperspectives de sociologie historique /
260 _aParis :
_bEconomica :
_bUnesco,
_c1985.
300 _a289 p. ;
_c24 cm.
650 0 _aState, The.
700 1 _aKazancigil, Ali.
942 _cFB
999 _c13652
_d13652